000 00847cam a2200241 a 4500
001 000004356
005 20200929151429.0
008 751010s1955 xxc 001 1 eng
040 _aDO-SdBNP
_bspa
_cBNPHU
041 1 7 _aeng
_hfre
_2Código de idioma MARC
042 _apremarc
082 _a843.54
_bR888c
100 1 _aRoy, Gabrielle,
_d1909-1983.
_912835
245 1 4 _aThe cashier /
_cRoy Gabrielle; traducción, Harry Binsse ; introducción, W. C. Lougheed ; edición, Malcolm Ross.
260 _aToronto :
_bMcClelland and Stewart Limited,
_c1955.
300 _a219 p. ;
_c18 cm.
650 4 _aNovela francesa
_91075
650 4 _aLiteratura francesa
_91074
700 1 _aHarry Binsse, Harry Binsse
_etr.
_912836
700 1 _aLougheed, W. C.
_eintrod.
_912837
700 1 _aRoss, Malcolm
_eed.
_912838
910 _aCatalogación original noche
999 _c4165
_d4165